| 000 | 00368nam a2200157Ia 4500 | ||
|---|---|---|---|
| 003 | OSt | ||
| 005 | 20240321125421.0 | ||
| 008 | 170524s9999 xx 000 0 und d | ||
| 020 | _a8180616525 | ||
| 040 | _cIIMTU MEERUT | ||
| 100 | _aMalhotra - V.K. | ||
| 245 | 0 | _aPractical Biochemistry For Students | |
| 260 | _bJaypee Brothers | ||
| 260 | _c2003 | ||
| 942 |
_2ddc _c02 |
||
| 999 |
_c6492 _d6492 |
||